00469nam a2200205Ia 450000500170000000800460001702000180006303700100008104000080009104000080009904000080010704100080011504100080012308400080013124500190013926000320015826000090019065000150019985600490021420260306150206.0008 260114s9999 xx 000 0 eng d a9780271074184 aEbook aCRL beng cCRL 2eng aeng qCRL 0aKitsch and Art bPenn State University Press c1996 aPhilosophy uhttps://www.degruyter.com/isbn/9780271074184